Náš Eucharistický kongres

Podrobná bibliografia
Médium: Článok
Jazyk:slovenčina
ISSN:1210-0676
Predmet:

MARC

LEADER 00000nab a2200000 a 4500
001 vtls000751059
003 SK-MaSNL
005 20260304112257.0
008 250429c2000 xo 0 slo
015 |a SNBRB2001/03-09007 
035 |a CLN000102854 
035 |a urn:nbn:sk:snk-ablfc 
035 |a (urnnbn)urn:nbn:sk:snk:ar-a042hb 
035 |a (uuid)134b5f6e-4194-456a-a5a9-7addf1f9684e 
040 |a SNKBUCL  |b slo  |c SNKBUCL  |e AACR2 
041 0 |a slo 
044 |a xo  |c SK 
080 |a 265.3:061.3(437.6)  |2 1997 
245 0 0 |a Náš Eucharistický kongres 
611 2 7 |a Celoslovenský eucharistický kongres  |d (2000 :  |c Bratislava, Slovensko)  |2 snkbucl  |9 150804 
655 7 |a články z novín a časopisov  |2 snkbucl  |9 267496 
773 0 |t Liturgia  |g Roč. 10, č. 4 (2000), s. 343-352  |x 1210-0676 
850 |a Slovenská národná knižnica 
852 |a Slovenská národná knižnica 
958 |a article27 
958 |a OND 
958 |a SK 
999 |c 2865005  |d 2866935